| 000 | 00442 a2200157 4500 | ||
|---|---|---|---|
| 005 | 20250314124138.0 | ||
| 020 | _a0-15-518882-2 | ||
| 082 | _a338.5 GWA | ||
| 100 | _aGWARTNEY, J. D. | ||
| 245 | _aMicroeconomics: Private and Public Choice | ||
| 250 | _a4th Ed. | ||
| 260 |
_aNew York, _bHarcourt Brace Jovanovich, _c1987. |
||
| 300 |
_axix, 578p.: figure, graph, ill,; table _bGlossary, index _c25cm. |
||
| 700 | _aSTROUP, R. | ||
| 942 |
_2ddc _cBKS |
||
| 999 |
_c620 _d620 |
||